Top 5 European Leagues Top Assisters: 2003/04 - Statistics

General Stats
  • This quiz has been taken 9 times
  • The average score is 7 of 29
Answer Stats
League Assists Club Nationality Player % Correct
La Liga 12 Real Madrid England David Beckham
89%
La Liga 11 Real Madrid Portugal Luis Figo
89%
La Liga 12 Real Madrid France Zinedine Zidane
89%
La Liga 11 Barcelona Spain Xavi
78%
Serie A 8 Juventus Czechia Pavel Nedved
67%
Premier League 11 Manchester United Wales Ryan Giggs
67%
Bundesliga 11 Bayern Munich Brazil Ze Roberto
56%
Ligue 1 7 Marseille Ivory Coast Didier Drogba
44%
Bundesliga 13 Bayern Munich Germany Michael Ballack
33%
Serie A 10 Brescia Italy Roberto Baggio
22%
Serie A 9 Roma Italy Antonio Cassano
11%
Serie A 11 Roma Brazil Mancini
11%
Bundesliga 11 Wolfsburg Argentina Andres D'Alessandro
0%
Ligue 1 7 Sochaux France Benoit Pedretti
0%
Premier League 12 Blackburn Australia Brett Emerton
0%
Bundesliga 11 Bochum Germany Dariusz Wosz
0%
Bundesliga 11 Werder Bremen Germany Fabian Ernst
0%
Ligue 1 9 PSG France Fabrice Fiorese
0%
La Liga 10 Valladolid Spain Fernando Sales
0%
Bundesliga 13 Bayer Leverkusen Brazil Franca
0%
Serie A 8 Juventus Italy Gianluca Zambrotta
0%
La Liga 10 Espanyol Spain Ivan de la Pena
0%
Ligue 1 9 Monaco France Jerome Rothen
0%
Serie A 11 Parma Italy Marco Marchionni
0%
Premier League 14 Leicester Turkey Muzzy Izzet
0%
Premier League 12 Charlton Italy Paolo Di Canio
0%
Ligue 1 8 Sochaux France Pierre-Alain Frau
0%
Premier League 13 Fulham France Steed Malbranque
0%
Ligue 1 8 Auxerre France Yann Lachuer
0%
No matching quizzes found
Score Distribution
Percent of People with Each Score
Percentile by Number Answered
Your Score History
You have not taken this quiz